Statistiche per Quiz sul Veneto

Clicka qui per fare il quiz!

Statistiche generali

  • Questo quiz è stato fatto 94 volte
  • Il punteggio medio è 14 su 20

Statistiche sulle risposte

DomandaRisposta% Corretto
Emilia Romagna
100%
Regioni con cui confinaFriuli Venezia Giulia
100%
Lombardia
100%
Trentino Alto Adige
100%
Capoluogo del VenetoVenezia
100%
Mare che lo bagnaMar Adriatico
94%
Provincia più grandeVerona
94%
Provincia più a nordBelluno
88%
Provincia più a sudRovigo
86%
Festa famosa in tutto il mondo
originaria di Venezia
Carnevale
84%
Famosi colli di origine vulcanicaColli Euganei
72%
Alimento con la stessa
funzione del pane
Polenta
60%
Santo patrono venetoSan Marco
59%
Sport più praticato (dopo il calcio)Pallavolo
58%
Fiume che sfocia a CortellazzoPiave
47%
Anno annessione del veneto al
Regno d'Italia
1866
43%
Traduci 'peiron'Forchetta
31%
Piatto tipico del VenetoRisi e Bisi
27%
Monte più altoPunta Penia
9%
Qui è stato fondato il più antico
______ al mondo
Casinò
4%

Distribuzione punteggi

Percentile per numero di risposta

Percentuale di utenti per punteggio

I tuoi punteggi nel tempo

Non hai fatto questo quiz